Harry Potter: Worst Fears - Statistics

General Stats
  • This quiz has been taken 114 times
  • The average score is 7 of 14
Answer Stats
Fear Character % Correct
Dementor Harry Potter
100%
Spiders Ron Weasley
98%
Professor Snape Neville Longbottom
90%
Failure Hermione Granger
89%
The Full Moon Remus Lupin
84%
Losing Metamorphagus Abilities Nymphadora Tonks
56%
Dead Family Molly Weasley
46%
Snake Padma Patil
37%
Mummy Parvati Patil
36%
Banshee Seamus Finnigan
35%
Lord Voldemort Alastor Moody / Alicia Spinnet / Amos Diggory / Angelina Johnson / Arthur Weasley / Aurora Sinistra / Barty Crouch, Sr / Cedric Diggory / Cho Chang / Colin Creevey / Cornelius Fudge / Dobby / Draco Malfoy / Ernie MacMillan / Ernie Prang / Filius Flitwick / Fleur Delacour / Fred Weasley / Gabrielle Delacour / George Weasley / Gilderoy Lockhart / Ginny Weasley / Gregory Goyle / Griphook / Hannah Abbott / Igor Karkaroff / Irma Pince / Justin Finch-Fletchley / Katie Bell / Lee Jordan / Lucius Malfoy / Marcus Flint / Millicent Bulstrode / Minerva McGonagall / Garrick Ollivander / Oliver Wood / Penelope Clearwater / Percy Weasley / Peter Pettigrew / Pomona Sprout / Poppy Pomfrey / Quirinius Quirrell / Rita Skeeter / Rolanda Hooch / Rubeus Hagrid / Septima Vector / Severus Snape / Sirius Black / Stan Shunpike / Susan Bones / Sybill Trelawney / Tom / Viktor Krum / Vincent Crabbe / Walden Macnair
23%
Desk Job Newt Scamander
22%
Severed Living Hand Dean Thomas
16%
Drowning Half-Brother Leta Lestrange
16%
No matching quizzes found
Score Distribution
Percent of People with Each Score
Percentile by Number Answered
Your Score History
You have not taken this quiz